<?xml version="1.0" encoding="UTF-8"?>
<record
    xmlns:xsi="http://www.w3.org/2001/XMLSchema-instance"
    xsi:schemaLocation="http://www.loc.gov/MARC21/slim http://www.loc.gov/standards/marcxml/schema/MARC21slim.xsd"
    xmlns="http://www.loc.gov/MARC21/slim">

  <leader>01105nam a2200277 i 4500</leader>
  <controlfield tag="001">140044</controlfield>
  <controlfield tag="003">ES-MaACL</controlfield>
  <controlfield tag="005">20250820122448.0</controlfield>
  <controlfield tag="007">t|</controlfield>
  <controlfield tag="008">070214s1969    sp           |||| | spa d</controlfield>
  <datafield tag="111" ind1="2" ind2=" ">
    <subfield code="a">Assemblee Pleniere de l'Episcopat Francais (</subfield>
    <subfield code="d">1968. </subfield>
    <subfield code="c">Lourdes)</subfield>
    <subfield code="9">167576</subfield>
  </datafield>
  <datafield tag="245" ind1="1" ind2="0">
    <subfield code="a">Jesucristo salvador, esperanza de los hombres, hoy / </subfield>
    <subfield code="c">Mons. Schmitt, Matagrin, Pailler ; Asamblea Plenaria del Episcopado Franc&#xE9;s ; [traducci&#xF3;n de Felipe Mart&#xED;n Hern&#xE1;ndez].</subfield>
  </datafield>
  <datafield tag="260" ind1=" " ind2=" ">
    <subfield code="a">Madrid : </subfield>
    <subfield code="b">Marova, </subfield>
    <subfield code="c">1969.</subfield>
  </datafield>
  <datafield tag="300" ind1=" " ind2=" ">
    <subfield code="a">185 p. ; </subfield>
    <subfield code="c">21 cm.</subfield>
  </datafield>
  <datafield tag="490" ind1="1" ind2=" ">
    <subfield code="a">Christus Pastor: experiencias y estudios pastorales</subfield>
  </datafield>
  <datafield tag="650" ind1=" " ind2="4">
    <subfield code="a">Cristianismo-</subfield>
    <subfield code="x">Historia-</subfield>
    <subfield code="y">S.XX.</subfield>
    <subfield code="9">160094</subfield>
  </datafield>
  <datafield tag="650" ind1="0" ind2="4">
    <subfield code="a">Salvaci&#xF3;n.</subfield>
    <subfield code="9">16978</subfield>
  </datafield>
  <datafield tag="650" ind1="0" ind2="4">
    <subfield code="a">Fe.</subfield>
    <subfield code="9">12734</subfield>
  </datafield>
  <datafield tag="700" ind1="0" ind2=" ">
    <subfield code="a">Schmitt, Paul Joseph,  </subfield>
    <subfield code="c">Eveque de Metz</subfield>
    <subfield code="9">104523</subfield>
  </datafield>
  <datafield tag="700" ind1="1" ind2=" ">
    <subfield code="a">Matagrin, Gabriel.</subfield>
    <subfield code="9">78904</subfield>
  </datafield>
  <datafield tag="700" ind1="1" ind2=" ">
    <subfield code="a">Pailler, Andr&#xE9; </subfield>
    <subfield code="c">, Archev&#xEA;que de Rouen.</subfield>
    <subfield code="9">220560</subfield>
  </datafield>
  <datafield tag="700" ind1="1" ind2=" ">
    <subfield code="a">Mart&#xED;n Hern&#xE1;ndez, Felipe.</subfield>
    <subfield code="9">77522</subfield>
  </datafield>
  <datafield tag="830" ind1="0" ind2=" ">
    <subfield code="a">Christus Pastor: experiencias y estudios pastorales</subfield>
    <subfield code="9">220288</subfield>
  </datafield>
  <datafield tag="852" ind1=" " ind2=" ">
    <subfield code="a">ES-MaACL</subfield>
    <subfield code="j">C-36787</subfield>
  </datafield>
  <datafield tag="999" ind1=" " ind2=" ">
    <subfield code="c">140044</subfield>
    <subfield code="d">140044</subfield>
  </datafield>
  <datafield tag="952" ind1=" " ind2=" ">
    <subfield code="0">0</subfield>
    <subfield code="1">0</subfield>
    <subfield code="4">0</subfield>
    <subfield code="7">0</subfield>
    <subfield code="a">ATENEOM</subfield>
    <subfield code="b">ATENEOM</subfield>
    <subfield code="c">DEPO2</subfield>
    <subfield code="d">2008-01-17</subfield>
    <subfield code="e">SC</subfield>
    <subfield code="l">0</subfield>
    <subfield code="o">C-36787</subfield>
    <subfield code="p">1145734</subfield>
    <subfield code="r">2023-02-23 00:00:00</subfield>
    <subfield code="w">2023-02-23</subfield>
    <subfield code="y">MONOGRAFIA</subfield>
  </datafield>
</record>
